La izquierda política en América Latina: el Lulismo en Brasil y la izquierda en el Uruguay /
সংরক্ষণ করুন:
| প্রধান লেখক: | |
|---|---|
| বিন্যাস: | পাঠ্য |
| ট্যাগগুলো: |
ট্যাগ যুক্ত করুন
কোনো ট্যাগ নেই, প্রথমজন হিসাবে ট্যাগ করুন!
|
MARC
| LEADER | 00000 a a2200000 04500 | ||
|---|---|---|---|
| 001 | 47349 | ||
| 003 | |||
| 040 | |||
| 100 | |a Gadea, Carlos | ||
| 245 | |a La izquierda política en América Latina: |b el Lulismo en Brasil y la izquierda en el Uruguay / |c Carlos Gadea | ||
| 773 | |g volumen22, número3, (2013), páginas 377-392 | ||
| 999 | |c 37820 |d 37820 | ||
